El futuro de la teología (Record no. 880721)
[ view plain ]
| 000 -CABECERA | |
|---|---|
| Campo de control de longitud fija | 00481nab a22001457 4500 |
| 003 - IDENTIFICADOR DEL NÚMERO DE CONTROL | |
| Campo de control | ES-SlBCS |
| 005 - FECHA Y HORA DE LA ÚLTIMA TRANSACCIÓN | |
| Campo de control | 20220508134003.0 |
| 008 - CÓDIGOS DE INFORMACIÓN DE LONGITUD FIJA | |
| Campo de control de longitud fija | 220508s2022 sp ||||| |||| 00| 0 spa d |
| 040 ## - FUENTE DE LA CATALOGACIÓN | |
| Centro catalogador del origen | ES-SlBCS |
| Lengua de catalogación | spa |
| 041 ## - CÓDIGO DE LENGUA | |
| Código de lengua del texto/banda sonora o título independiente | spa |
| 100 1# - PUNTO DE ACCESO PRINCIPAL-NOMBRE DE PERSONA | |
| 9 (RLIN) | 77660 |
| Nombre de persona | Treek Nilsson, Mike D. Van |
| 245 13 - MENCIÓN DE TÍTULO | |
| Título | El futuro de la teología |
| Resto del título | : una perspectiva bíblica |
| Mención de responsabilidad, etc. | Mike D. Van Treek Nilsson |
| 773 0# - ENLACE AL DOCUMENTO FUENTE | |
| Parte(s) relacionada(s) | Vol. 61, núm. 241, 2022, págs. 10-22 |
| Título | Selecciones de Teología |
| Número de control del registro relacionado | Rev424 |
| Número Internacional Normalizado para Publicaciones Seriadas (ISSN) | 0037-119X |
| 942 ## - ENTRADA DE ELEMENTOS AGREGADOS (KOHA) | |
| Fuente de clasificaión o esquema | |
| Koha [por defecto] tipo de item | Artículos de revista |
| Suprimido | Perdido | Fuente de clasificación o esquema | Estropeado | No para préstamo | Localización permanente | Localización actual | Fecha adquisición | Préstamos totales | Fecha última consulta | Fecha del precio de reemplazo | Tipo de item de Koha |
|---|---|---|---|---|---|---|---|---|---|---|---|
| San Esteban | San Esteban | 08/05/2022 | 08/05/2022 | 08/05/2022 | Artículos de revista |
